TEXTBOOK OF MICROBIOLOGY 6TH ED (Record no. 557117)

MARC details
000 -LEADER
fixed length control field 00385pam a2200157a 44500
008 - FIXED-LENGTH DATA ELEMENTS--GENERAL INFORMATION
fixed length control field 230515b2020 xxu||||| |||| 00| 0 eng d
020 ## - INTERNATIONAL STANDARD BOOK NUMBER
International Standard Book Number NULL
041 ## - LANGUAGE CODE
Language code of text/sound track or separate title ENGLISH
082 ## - DEWEY DECIMAL CLASSIFICATION NUMBER
Classification number 615
100 ## - MAIN ENTRY--PERSONAL NAME
Personal name ARORA D R
245 ## - TITLE STATEMENT
Title TEXTBOOK OF MICROBIOLOGY 6TH ED
250 ## - EDITION STATEMENT
Edition statement 6TH
260 ## - PUBLICATION, DISTRIBUTION, ETC.
Place of publication, distribution, etc. NEW DELHI
Name of publisher, distributor, etc. CBS PUBLISHER AND DISTRIBUTORS
Date of publication, distribution, etc. 2020
300 ## - PHYSICAL DESCRIPTION
Extent 603
650 ## - SUBJECT ADDED ENTRY--TOPICAL TERM
Topical term or geographic name entry element MICROBIOLOGY
Holdings
Withdrawn status Lost status Damaged status Not for loan Home library Current library Shelving location Date acquired Source of acquisition Cost, normal purchase price Total Checkouts Full call number Barcode Date last seen Date last checked out Price effective from Koha item type
        Homoeopathic Medical College, Pune Homoeopathic Medical College, Pune   06/05/2022 BHARATI MADH. SAHA. GRAH. BHANDAR LTD. 995.00 1 615 HCP-UG-11541 23/09/2025 24/02/2025 28/06/2023 Book